| 000 | 01486nam a2200349 c 4500 | ||
|---|---|---|---|
| 003 | BLK | ||
| 005 | 20180422114657.0 | ||
| 008 | 180411b bul|||||r ||||||| ||bul|| | ||
| 010 | _aKNG00183307000 | ||
| 040 | _aBLK | ||
| 041 |
_aBUL _cBUL |
||
| 080 |
_aДекоративни растения. Декоративно градинарство _b635.9 _x(02.062) _z635.9(02.062) |
||
| 100 | 1 |
_aЯков, Илия Първанов _eпърви автор _9381934 |
|
| 700 | 1 |
_aМинчев, Никола Димитров _eсъавт. _9339882 |
|
| 139 |
_aЯков, Илия Първанов и др. _bЯ 34 |
||
| 245 | 1 | 0 |
_aПреселници от тропика _cИлия Първанов Яков; съавт. Никола Димитров Минчев. |
| 257 | _aBGR | ||
| 260 |
_аСофия _bНар. просв. _c1964 |
||
| 300 |
_a79 с. с ил. _c17 см |
||
| 380 | _a63 | ||
| 490 | 1 | _aПриродонаучна библиотека | |
| 490 | 1 |
_3Подсерия _aСерия Биология и геология _vГ. ІХ, 14 |
|
| 500 | _a14 079 тир. - Тропически растения в наши оранжерии. | ||
| 650 | 4 |
_aРастения, тропически _9339883 |
|
| 650 | 4 |
_aОранжерийно производство _9165095 |
|
| 653 | _aтропически растения | ||
| 852 | _aЦб І 7212 | ||
| 856 | 4 |
_qpdf _u |
|
| 856 | 4 |
_qpdf _u |
|
| 942 |
_cKNG _n0 |
||
| 944 |
_aCR _c07.10.2015 _kКети_Илиева |
||
| 944 |
_aED _c28.09.2017 _kВася_Ганчева |
||
| 999 |
_c174804 _d174804 |
||